000 00549nam a2200145Ia 4500
008 170221s9999 xx 000 0 und d
100 _aMohd Nasrun Mohd Nawi
245 _aFactor Affecting Safety Performance Construction Industry
245 _cMohd Nasrun Mohd Nawi, Siti Halipah Ibrahim, Rohaida Affandi, Nor Azalina Rosli, Fazlin Mohamad Basri
260 _bInternational Review of Management and Marketing
260 _c2012
300 _a1 : 4
650 _xMarketing.
856 _uhttp://www.econjournals.com/index.php/irmm/issue/view/97
999 _c313942
_d313942